Sports Quiz

Random Sports or NFL Quiz
Score 0/7 Timer 04:00
0 Plays Today
Starts Player % Correct
234Eli Manning
99.8%
12Daniel Jones
86.8%
68Kerry Collins
70.6%
1Geno Smith
67.6%
9Kurt Warner
63.6%
3Jesse Palmer
19.6%
9Kent Graham
18.1%
Remove Ads.
Support Sporcle.
Get the best of Sporcle when you Go Orange. This ad-free experience offers more features, more stats, and more fun while also helping to support Sporcle. Thank you for becoming a member.

You're not logged in!

Compare scores with friends on all Sporcle quizzes.
OR
Log In

Sporcle TV

Today on Sporcle TV


Watch our educational content, quiz creation guides, and fun videos on Sporcle TV.

Show Comments

Extras

Top Quizzes Today


Score Distribution

Paid Content

Your Account Isn't Verified!

In order to create a playlist on Sporcle, you need to verify the email address you used during registration. Go to your Sporcle Settings to finish the process.

Report this User

Report this user for behavior that violates our Community Guidelines.

Details: